[Event "Bouches du Rhone op 0607"]
[Site "Bouches du Rhone"]
[Date "2007.01.13"]
[Round "4"]
[White "Laurent, Yohan"]
[Black "Madranges, Julien"]
[Result "0-1"]
[WhiteElo "1760"]
[BlackElo "1929"]
[PlyCount "92"]
[EventDate "2006.10.21"]
[EventType "swiss"]
[EventRounds "9"]
[EventCountry "FRA"]
[SourceTitle "EXT 2008"]
[Source "ChessBase"]
[SourceDate "2007.11.25"]
[SourceVersion "1"]
[SourceVersionDate "2007.11.25"]
[SourceQuality "1"]

1. e4 d5 2. exd5 Qxd5 3. Nc3 Qa5 4. d4 c6 5. Bd2 Bf5 6. Qf3 e6 7. Nb5 Qb6 8. Nc3 Bxc2 9. b3 Nf6 10. Rc1 Bf5 11. Bd3 Bxd3 12. Qxd3 Na6 13. Nge2 0-0-0 14. Bf4 Nd5 15. Na4 Bb4+ 16. Bd2 Bxd2+ 17. Qxd2 Qb4 18. Nac3 Nxc3 19. Qxc3 Rd7 20. 0-0 Qxc3 21. Rxc3 Rhd8 22. Rc4 Nc7 23. a4 Ne8 24. Rfc1 Nd6 25. R4c3 Nf5 26. Rf3 Nxd4 27. Nxd4 Rxd4 28. Kf1 R8d7 29. Rcc3 Kc7 30. g3 a6 31. a5 f6 32. Rc2 R7d5 33. Ra2 Rb4 34. Rf4 Rxf4 35. gxf4 Rf5 36. Ra4 Rb5 37. Ra3 Rb4 38. f5 e5 39. Ke2 Rh4 40. Ra4 Rxa4 41. bxa4 Kd6 42. Kd3 Kd5 43. f3 c5 44. h4 c4+ 45. Kc3 Kc5 46. h5 h6 0-1